| 000 | 00841nam a2200253 i 4500 | ||
|---|---|---|---|
| 001 | 47683 | ||
| 003 | ES-MaACL | ||
| 005 | 20230906161617.0 | ||
| 007 | t| | ||
| 008 | 030519s2002 sp ||||1| spa d | ||
| 020 | _a84-8432-393-5 | ||
| 080 | _a929(100)".../04"(038) | ||
| 245 | 0 | 0 |
_aDiccionario del mundo clásico / _cSimon Hornblower y Tony Spawforth, eds. ; traducción castellana de Joan Rabasseda. |
| 260 |
_aBarcelona : _bCrítica, _c[2002] |
||
| 300 |
_aXXI, 432 p., [9] p. de mapas ; _c26 cm. |
||
| 490 | 1 | _aReferencia Crítica | |
| 650 | 1 | 4 |
_aBiografías- _yHasta S.V- _vDiccionarios. _910575 |
| 700 | 1 |
_aHornblower, Simon. _964214 |
|
| 700 | 1 |
_aSpawforth, Antony. _9107656 |
|
| 700 | 1 |
_aRabasseda, Joan. _994848 |
|
| 830 | 0 |
_aReferencia Crítica _9182213 |
|
| 852 |
_aES-MaACL _jL-26337 _bR.132145 |
||
| 999 |
_c47683 _d47683 |
||